The impact of antibiotic selective pressure on vancomycin-resistant enterococci occurrence

Bibliographic Details
Main Authors: Kolář, Milan, 1964- (Author), Urbánek, Karel (Author), Vágnerová, Iva, 1955- (Author)
Format: Article
Language:English

MARC

LEADER 00000nab a2200000uu 4500
001 vtls011432659
003 SK-MaSNL
005 20260305005348.0
008 230213|2001 xo |||||||||||||||||eng|
015 |a SNBRB 
035 |a (urnnbn)urn:nbn:sk:snk:ar-000uqo 
035 |a (uuid)4d933c27-9128-4c56-8de6-090c9d897e42 
035 |a urn:nbn:sk:snk-abc8wq 
040 |a SNKBUCL  |b slo  |c SNKBUCL  |e AACR2 
041 0 |a eng 
044 |a xo  |c SK 
100 1 |a Kolář, Milan,  |d 1964-  |4 aut  |9 119616 
245 1 4 |a The impact of antibiotic selective pressure on vancomycin-resistant enterococci occurrence  |c Milan Kolář1*, Iva Vágnerová1, Karel Urbánek2 
700 1 |a Urbánek, Karel  |4 aut  |9 267636 
700 1 |a Vágnerová, Iva,  |d 1955-  |4 aut  |9 234407 
773 0 |t Biologia : journal of the Slovak Academy of Sciences  |g Roč. 56, č. Suppl. 9 (2001), s. 31-35 
954 |a odborná, vedecká literatúra cudzojazyčná (svetová)  |2 lita 
958 |a OND 
958 |a EUIPO 
958 |a article16 
999 |c 3240010  |d 3241940